Cơ sở địa lí tự nhiên T.3
Tallennettuna:
| Päätekijä: | |
|---|---|
| Muut tekijät: | , |
| Aineistotyyppi: | Kirja |
| Kieli: | Vietnamese |
| Julkaistu: |
H.
Giáo Dục
1984
|
| Aiheet: | |
| Tagit: |
Lisää tagi
Ei tageja, Lisää ensimmäinen tagi!
|
| Thư viện lưu trữ: | Trung tâm Học liệu Lê Vũ Hùng, Trường Đại học Đồng Tháp |
|---|
| LEADER | 00857pam a22002778a 4500 | ||
|---|---|---|---|
| 001 | 00023368 | ||
| 005 | 20171026081023.0 | ||
| 008 | 110618s1984 ||||||viesd | ||
| 041 | 0 | # | |a vie |
| 082 | 1 | # | |a 551.071 |b C460S |
| 100 | 0 | # | |a Lê Bá Thảo |
| 245 | 0 | 0 | |a Cơ sở địa lí tự nhiên |c Lê Bá Thảo, Nguyễn Dược, Đặng Ngọc Lân |n T.3 |
| 260 | # | # | |a H. |b Giáo Dục |c 1984 |
| 300 | # | # | |a 186 tr. |c 27 cm. |
| 653 | # | # | |a thạch quyển |
| 653 | # | # | |a giáo trình |
| 653 | # | # | |a thủy quyển |
| 653 | # | # | |a địa lí kinh tế |
| 700 | 0 | # | |a Nguyễn Dược |
| 700 | 0 | # | |a Đặng Ngọc Lân |
| 852 | # | # | |b Kho đọc |j KD.0009957 |
| 852 | # | # | |j KD.0009957 |
| 910 | # | # | |a ngoc |d 18/06/2011 |
| 980 | # | # | |a Trung tâm Học liệu Lê Vũ Hùng, Trường Đại học Đồng Tháp |